Projekt inovace internetového obchodu firmy Váhala a spol. s.r.o.

Saved in:
Bibliographic Details
Main Author Štefka, Ondřej (Dissertant)
Other Authors Denk, Ladislav (Thesis advisor)
Format Manuscript Book
LanguageCzech
Published 2015
Subjects
Online AccessPlný text v Digitální knihovně UTB
Physical Description98 s. (130 232 znaků)

Cover

LEADER 00000ntm a22000007u 4500
001 zp39126
041 |a cze 
100 1 |a Štefka, Ondřej  |4 dis 
245 1 0 |a Projekt inovace internetového obchodu firmy Váhala a spol. s.r.o. 
246 |a Innovation Project of Internet Store of Company Váhala a spol. s.r.o. 
260 |c 2015 
300 |a 98 s. (130 232 znaků) 
500 |a Studijní obor: Management a marketing 
500 |a Studijní obor: Management and Marketing 
500 |a Ústav: Ústav managementu a marketingu 
500 |a Univerzita Tomáše Bati ve Zlíně. Fakulta managementu a ekonomiky 
500 |a Tomas Bata University in Zlín. Faculty of Management and Economics 
506 |a Bez omezení 
653 |a eshop 
653 |a e-komerce 
653 |a B2C 
653 |a potraviny online 
653 |a PPC 
653 |a klíčová slova 
653 |a SEO 
653 |a grafická reklama 
653 |a inzerce 
653 |a responzivní design 
653 |a Google AdWords 
653 |a Sklik 
653 |a bounce rate 
653 |a CTR 
653 |a obsahová síť 
653 |a vyhledávací síť 
653 |a Google Analytics 
653 |a SWOT 
653 |a letáková reklama 
653 |a e-shop 
653 |a e-commerce 
653 |a B2C 
653 |a food online 
653 |a PPC 
653 |a keywords 
653 |a SEO 
653 |a graphic advertising 
653 |a advertisements 
653 |a responsive design 
653 |a Google AdWords 
653 |a Sklik 
653 |a bounce rate 
653 |a CTR 
653 |a circulatory network 
653 |a searching network 
653 |a Google Analytics 
653 |a SWOT 
653 |a leaflets 
655 4 |a diplomová práce 
700 1 |a Denk, Ladislav  |4 ths 
710 2 |a Univerzita Tomáše Bati ve Zlíně. Fakulta managementu a ekonomiky  |4 dgg 
710 2 |a Tomas Bata University in Zlín. Faculty of Management and Economics  |4 dgg 
856 4 0 |u http://hdl.handle.net/10563/33431  |y Plný text v Digitální knihovně UTB